[Event "GER-ch Net blitz qual3"]
[Site "Playchess.com INT"]
[Date "2020.03.21"]
[Round "2"]
[White "Ehmann, Thilo"]
[Black "Pick, Stefan"]
[Result "1-0"]
[WhiteElo "2330"]
[BlackElo "2029"]
[PlyCount "81"]
[EventDate "2020.03.21"]
[EventType "swiss (blitz)"]
[EventRounds "9"]
[EventCountry "GER"]
[SourceTitle "CBM 195 Extra"]
[Source "ChessBase"]
[SourceDate "2020.05.31"]
[SourceVersion "1"]
[SourceVersionDate "2020.05.31"]
[SourceQuality "1"]

1. e4 c5 2. Nf3 Nc6 3. d4 cxd4 4. Nxd4 Nf6 5. Nc3 e5 6. Ndb5 d6 7. Bg5 a6 8. Na3 b5 9. Nd5 Be7 10. Bxf6 Bxf6 11. c3 Ne7 12. Nc2 Bg5 13. Ncb4 0-0 14. Be2 Be6 15. 0-0 Nxd5 16. Nxd5 f5 17. exf5 Bxf5 18. Bg4 Be4 19. Re1 Bxd5 20. Qxd5+ Kh8 21. Rad1 Qf6 22. f3 Rad8 23. Re4 g6 24. a4 bxa4 25. Rxa4 h5 26. Bh3 Be3+ 27. Kh1 g5 28. Qe4 Bc5 29. b4 Bf2 30. Qe2 Bh4 31. g3 Qxf3+ 32. Qxf3 Rxf3 33. Bg2 Rxc3 34. gxh4 gxh4 35. Rxa6 h3 36. Bd5 Rc2 37. b5 Rb2 38. b6 Rf8 39. b7 Kg7 40. Ra8 Rd2 41. Rg1+ 1-0

[Event "GER-ch Net blitz qual3"]
[Site "Playchess.com INT"]
[Date "2020.03.21"]
[Round "3"]
[White "Hoke, Adrian Neo"]
[Black "Pick, Stefan"]
[Result "1-0"]
[WhiteElo "1575"]
[BlackElo "2029"]
[PlyCount "103"]
[EventDate "2020.03.21"]
[EventType "swiss (blitz)"]
[EventRounds "9"]
[EventCountry "GER"]
[SourceTitle "CBM 195 Extra"]
[Source "ChessBase"]
[SourceDate "2020.05.31"]
[SourceVersion "1"]
[SourceVersionDate "2020.05.31"]
[SourceQuality "1"]

1. e4 e6 2. d4 d5 3. Nd2 dxe4 4. Nxe4 Be7 5. Nf3 Nf6 6. Nxf6+ Bxf6 7. c3 0-0 8. Bd3 Re8 9. 0-0 Nd7 10. Bf4 b6 11. Re1 Bb7 12. Be4 Bxe4 13. Rxe4 c5 14. Qd3 Be7 15. Rd1 Nf6 16. Ree1 Nd5 17. Bg3 Qd7 18. Ne5 Qb7 19. a3 Rad8 20. Qe4 Qc8 21. c4 Nf6 22. Qe3 cxd4 23. Rxd4 Rxd4 24. Qxd4 Rd8 25. Qc3 Qb7 26. Qc2 h6 27. h3 Rd4 28. Rd1 Rxd1+ 29. Qxd1 Qe4 30. Qf3 Qb1+ 31. Kh2 Qxb2 32. Qa8+ Kh7 33. Nxf7 Qxa3 34. Qh8+ Kg6 35. Ne5+ Kf5 36. Qxg7 Ke4 37. Qxh6 Kd4 38. Qf4+ Kc5 39. Ng6 Bd8 40. Qd6+ Kxc4 41. Qxa3 Nd5 42. Ne5+ Kd4 43. Nf3+ Kc4 44. Qa4+ Kc5 45. Qxa7 Kc6 46. Qa4+ Kb7 47. Qd7+ Bc7 48. Bxc7 Nxc7 49. Nd4 Kb8 50. Nc6+ Ka8 51. Qxc7 e5 52. Qb8# 1-0

[Event "GER-ch Net blitz qual3"]
[Site "Playchess.com INT"]
[Date "2020.03.21"]
[Round "8"]
[White "Kautzsch, Klaus Dieter"]
[Black "Pick, Stefan"]
[Result "0-1"]
[WhiteElo "1670"]
[BlackElo "2029"]
[PlyCount "40"]
[EventDate "2020.03.21"]
[EventType "swiss (blitz)"]
[EventRounds "9"]
[EventCountry "GER"]
[SourceTitle "CBM 195 Extra"]
[Source "ChessBase"]
[SourceDate "2020.05.31"]
[SourceVersion "1"]
[SourceVersionDate "2020.05.31"]
[SourceQuality "1"]

1. e4 e6 2. e5 d5 3. exd6 Bxd6 4. d4 Nf6 5. Nf3 Nbd7 6. Bg5 h6 7. Bd2 c5 8. c3 cxd4 9. Nxd4 0-0 10. Bd3 Ne5 11. Bc2 Nc4 12. Bc1 e5 13. Nf5 Bxf5 14. Bxf5 Qb6 15. Qf3 Rfe8 16. Be4 Bc5 17. 0-0 Rad8 18. b3 Nd6 19. Bxb7 Qxb7 20. Bxh6 Qxf3 0-1

[Event "GER-ch Net blitz qual1"]
[Site "Playchess.com INT"]
[Date "2020.03.07"]
[Round "6"]
[White "Pick, Stefan"]
[Black "Schubert, Joachim"]
[Result "1/2-1/2"]
[WhiteElo "2029"]
[BlackElo "1881"]
[PlyCount "88"]
[EventDate "2020.03.07"]
[EventType "swiss (blitz)"]
[EventRounds "9"]
[EventCountry "GER"]
[SourceTitle "CBM 195 Extra"]
[Source "ChessBase"]
[SourceDate "2020.05.31"]
[SourceVersion "1"]
[SourceVersionDate "2020.05.31"]
[SourceQuality "1"]

1. e4 c5 2. Nf3 Nc6 3. Bb5 g6 4. c3 Bg7 5. d4 cxd4 6. cxd4 e6 7. Bxc6 bxc6 8. 0-0 Ne7 9. Bf4 d6 10. Nc3 Rb8 11. e5 d5 12. Bg5 Qc7 13. Bf6 0-0 14. Bxg7 Kxg7 15. Ng5 f6 16. exf6+ Rxf6 17. Nf3 Rxb2 18. Rc1 Qf4 19. Ne2 Qg4 20. h3 Qe4 21. Ng3 Qf4 22. Qd3 Nf5 23. Nxf5+ Qxf5 24. Qxf5 exf5 25. Rfe1 Rf7 26. Ne5 Rc7 27. Rxc6 Rxc6 28. Nxc6 Rxa2 29. Re7+ Kf6 30. Rxa7 Rxa7 31. Nxa7 Ba6 32. Nc6 Bc4 33. Ne5 f4 34. g3 g5 35. h4 h6 36. Kh2 Kf5 37. f3 fxg3+ 38. Kxg3 gxh4+ 39. Kxh4 Kf4 40. Kh5 Ke3 41. Kxh6 Kxd4 42. Ng4 Be2 43. Nf6 Bxf3 44. Nxd5 Bxd5 1/2-1/2

[Event "GER-ch Net blitz qual1"]
[Site "Playchess.com INT"]
[Date "2020.03.07"]
[Round "9"]
[White "Weidenhoefer, Max"]
[Black "Pick, Stefan"]
[Result "1/2-1/2"]
[WhiteElo "1897"]
[BlackElo "2029"]
[PlyCount "135"]
[EventDate "2020.03.07"]
[EventType "swiss (blitz)"]
[EventRounds "9"]
[EventCountry "GER"]
[SourceTitle "CBM 195 Extra"]
[Source "ChessBase"]
[SourceDate "2020.05.31"]
[SourceVersion "1"]
[SourceVersionDate "2020.05.31"]
[SourceQuality "1"]

1. e4 c5 2. Nf3 Nc6 3. d4 cxd4 4. Nxd4 Nf6 5. Nc3 e5 6. Ndb5 d6 7. Bg5 a6 8. Na3 b5 9. Nd5 Be7 10. Bxf6 Bxf6 11. c3 Ne7 12. Nc2 Bg5 13. Be2 0-0 14. Nce3 Bxe3 15. Nxe3 Bb7 16. Bf3 f5 17. exf5 Bxf3 18. Qxf3 d5 19. Rd1 e4 20. Qf4 Qd7 21. 0-0 Rad8 22. Qe5 Rf6 23. g4 Rd6 24. g5 d4 25. cxd4 Nc6 26. Qc5 Nxd4 27. Kh1 Qb7 28. Qe5 Nf3 29. Rxd6 Nxe5 30. Rxd8+ Kf7 31. Rfd1 Nd3 32. Ng4 e3+ 33. Kg1 e2 34. R8xd3 exd1Q+ 35. Rxd1 h5 36. Ne5+ Ke8 37. f6 gxf6 38. gxf6 Qc7 39. f7+ Kf8 40. Re1 Qd6 41. b3 h4 42. h3 Qd2 43. Ng6+ Kxf7 44. Ne5+ Kg7 45. Nf3 Qc3 46. Re3 Qc1+ 47. Kg2 a5 48. Nxh4 a4 49. Nf5+ Kf6 50. Nd4 axb3 51. Nxb3 Qc6+ 52. Rf3+ Kg5 53. Nd4 Qc8 54. Rf5+ Kg6 55. Rxb5 Qa8+ 56. Kg3 Qxa2 57. h4 Kh6 58. Rb6+ Kh7 59. h5 Qd5 60. Nf3 Qxh5 61. Rb7+ Kg8 62. Rb8+ Kf7 63. Rb7+ Ke8 64. Rb8+ Kd7 65. Rb7+ Kc8 66. Rg7 Qd5 67. Rg5 Qd6+ 68. Re5 1/2-1/2

[Event "Mittelrhein Verbandsliga-W 17/18"]
[Site "Nordrheinwestfalen"]
[Date "2018.02.04"]
[Round "7.1"]
[White "Meirick, Ingo"]
[Black "Pick, Stefan"]
[Result "1-0"]
[WhiteElo "2177"]
[BlackElo "1993"]
[PlyCount "31"]
[EventDate "2017.09.10"]
[EventType "team-tourn"]
[EventRounds "11"]
[EventCountry "GER"]
[SourceTitle "EXT 2022"]
[Source "ChessBase"]
[SourceDate "2021.10.06"]
[SourceVersion "1"]
[SourceVersionDate "2021.10.06"]
[SourceQuality "1"]
[WhiteTeam "Herzogenrath"]
[BlackTeam "Kerpen SK"]
[WhiteTeamCountry "GER"]
[BlackTeamCountry "GER"]

1. d4 d5 2. c4 e5 3. dxe5 d4 4. Nf3 Nc6 5. Nbd2 Bf5 6. a3 a5 7. Nb3 d3 8. Bg5 Be7 9. Bxe7 Qxe7 10. exd3 0-0-0 11. Be2 Nxe5 12. Nxe5 Qxe5 13. d4 Qe4 14. 0-0 a4 15. Nc5 Qxd4 16. Qxa4 1-0

[Event "Mittelrhein Verbandsliga-W 16/17"]
[Site "Nordrheinwestfalen"]
[Date "2017.02.19"]
[Round "8.1"]
[White "Pick, Stefan"]
[Black "Geerlings, Gerd"]
[Result "1/2-1/2"]
[WhiteElo "2063"]
[BlackElo "2060"]
[PlyCount "80"]
[EventDate "2016.09.11"]
[EventType "team-tourn"]
[EventRounds "11"]
[EventCountry "GER"]
[SourceTitle "EXT 2022"]
[Source "ChessBase"]
[SourceDate "2021.10.06"]
[SourceVersion "1"]
[SourceVersionDate "2021.10.06"]
[SourceQuality "1"]
[WhiteTeam "Kerpen SK"]
[BlackTeam "Eschweiler SC"]
[WhiteTeamCountry "GER"]
[BlackTeamCountry "GER"]

1. Nf3 Nf6 2. c4 g6 3. Nc3 Bg7 4. g3 0-0 5. Bg2 d6 6. d4 a6 7. 0-0 Nc6 8. b3 Rb8 9. a4 Bd7 10. Bb2 Qc8 11. Qd2 Re8 12. Nd5 Ne4 13. Qe3 f5 14. Rac1 e6 15. Nc3 Nf6 16. Rfd1 Ng4 17. Qd2 Bh6 18. e3 Na5 19. Qc2 Bxe3 20. fxe3 Nxe3 21. Qd3 Nxd1 22. Nxd1 b5 23. axb5 axb5 24. Nd2 bxc4 25. bxc4 Qa6 26. Qa3 Qb6 27. Bc3 Nc6 28. c5 Qa7 29. Qxa7 Nxa7 30. Ba5 Nb5 31. Nc3 Nxd4 32. Bxc7 Rb2 33. Nc4 Rb3 34. Nxd6 Rxc3 35. Rxc3 Ne2+ 36. Kf1 Nxc3 37. Nxe8 Bxe8 38. Be5 Bb5+ 39. Ke1 Nd5 40. Bxd5 exd5 1/2-1/2

[Event "Mittelrhein Verbandsliga-W 16/17"]
[Site "Nordrheinwestfalen"]
[Date "2016.09.11"]
[Round "1.1"]
[White "Pick, Stefan"]
[Black "Burovic, Ismet"]
[Result "1/2-1/2"]
[WhiteElo "2044"]
[BlackElo "2302"]
[PlyCount "87"]
[EventDate "2016.09.11"]
[EventType "team-tourn"]
[EventRounds "11"]
[EventCountry "GER"]
[SourceTitle "EXT 2022"]
[Source "ChessBase"]
[SourceDate "2021.10.06"]
[SourceVersion "1"]
[SourceVersionDate "2021.10.06"]
[SourceQuality "1"]
[WhiteTeam "Kerpen SK"]
[BlackTeam "Alsdorf SVG"]
[WhiteTeamCountry "GER"]
[BlackTeamCountry "GER"]

1. d4 g6 2. e4 Bg7 3. Bc4 c6 4. Nc3 d5 5. exd5 b5 6. Bb3 b4 7. Nce2 cxd5 8. Nf3 Nf6 9. 0-0 0-0 10. Bd2 a5 11. a3 bxa3 12. Rxa3 Ne4 13. Be3 Bb7 14. Re1 Nd7 15. Qc1 Nb6 16. Bh6 Qc7 17. Bxg7 Kxg7 18. c3 a4 19. Bc2 Bc6 20. Bxe4 dxe4 21. Ne5 Bd5 22. c4 f6 23. Rh3 h5 24. Nxg6 Kxg6 25. Nf4+ Kf7 26. cxd5 Qxc1 27. Rxc1 Rfc8 28. Rhc3 a3 29. bxa3 Rxa3 30. Rxc8 Nxc8 31. h4 Nd6 32. Nxh5 Nf5 33. Ng3 Nxg3 34. fxg3 Rd3 35. g4 Rxd4 36. Re1 Kg6 37. Kf2 f5 38. Ke3 Rxd5 39. gxf5+ Kxf5 40. Rf1+ Ke5 41. h5 Rd3+ 42. Ke2 Rg3 43. Kf2 Rg7 44. h6 1/2-1/2

[Event "Mittelrhein Verbandsliga-W 15/16"]
[Site "Nordrheinwestfalen"]
[Date "2016.01.10"]
[Round "6.2"]
[White "Kinderreich, Toni"]
[Black "Pick, Stefan"]
[Result "1-0"]
[WhiteElo "2056"]
[BlackElo "2041"]
[PlyCount "79"]
[EventDate "2015.09.06"]
[EventType "team-tourn"]
[EventRounds "11"]
[EventCountry "GER"]
[SourceTitle "EXT 2022"]
[Source "ChessBase"]
[SourceDate "2021.10.06"]
[SourceVersion "1"]
[SourceVersionDate "2021.10.06"]
[SourceQuality "1"]
[WhiteTeam "Wuerselen II"]
[BlackTeam "Kerpen SK"]
[WhiteTeamCountry "GER"]
[BlackTeamCountry "GER"]

1. d4 c5 2. c3 e6 3. Nf3 Nf6 4. Bg5 Qb6 5. Qb3 Nc6 6. Qxb6 axb6 7. Bxf6 gxf6 8. e3 d5 9. Bb5 Bd7 10. Nbd2 Be7 11. 0-0 Ra5 12. c4 dxc4 13. a4 Nb8 14. Bxd7+ Nxd7 15. Nxc4 Ra6 16. Rfd1 0-0 17. b3 Rfa8 18. Rab1 Bd8 19. d5 e5 20. e4 Be7 21. Nh4 Bf8 22. Nf5 b5 23. axb5 Ra2 24. Rd3 Ra1 25. Rf1 h6 26. h4 b6 27. h5 R8a7 28. Rg3+ Kh7 29. Nfd6 Bxd6 30. Nxd6 f5 31. Ne8 Rxf1+ 32. Kxf1 Ra8 33. Rg7+ Kh8 34. Rxf7 Rxe8 35. Rxd7 fxe4 36. Rd6 Kg7 37. Rxb6 Rf8 38. Rg6+ Kh7 39. Ke2 Rf5 40. b6 1-0

[Event "Kiel op 28th"]
[Site "Kiel"]
[Date "2015.07.31"]
[Round "9"]
[White "Wanner, Lukas"]
[Black "Pick, Stefan"]
[Result "1-0"]
[WhiteElo "1944"]
[BlackElo "2101"]
[PlyCount "55"]
[EventDate "2015.07.25"]
[EventType "swiss"]
[EventRounds "9"]
[EventCountry "GER"]
[SourceTitle "CBM 167 Extra"]
[Source "ChessBase"]
[SourceDate "2015.09.14"]
[SourceVersion "1"]
[SourceVersionDate "2015.09.14"]
[SourceQuality "1"]

1. d4 c5 2. e3 e6 3. Nf3 Nf6 4. Bd3 Nc6 5. 0-0 Qc7 6. a3 b6 7. b3 Bb7 8. Bb2 Bd6 9. Nbd2 cxd4 10. exd4 Ng4 11. h3 Nh2 12. Re1 Nxf3+ 13. Nxf3 0-0-0 14. c4 f6 15. b4 g5 16. d5 Ne5 17. c5 Nxf3+ 18. Qxf3 bxc5 19. Rac1 Bxd5 20. Be4 Bxe4 21. Qxe4 Rhf8 22. bxc5 Be5 23. Rb1 Bxb2 24. Rxb2 Qc6 25. Qb4 d5 26. Rxe6 Qc7 27. Qb5 Rd7 28. Rc6 1-0

[Event "Kiel op 28th"]
[Site "Kiel"]
[Date "2015.07.28"]
[Round "6"]
[White "Pick, Stefan"]
[Black "Niering, Martin"]
[Result "0-1"]
[WhiteElo "2101"]
[BlackElo "2178"]
[PlyCount "82"]
[EventDate "2015.07.25"]
[EventType "swiss"]
[EventRounds "9"]
[EventCountry "GER"]
[SourceTitle "CBM 167 Extra"]
[Source "ChessBase"]
[SourceDate "2015.09.14"]
[SourceVersion "1"]
[SourceVersionDate "2015.09.14"]
[SourceQuality "1"]

1. d4 d5 2. Nf3 Nf6 3. Bg5 Nbd7 4. Nbd2 h6 5. Bf4 g5 6. Bg3 Bg7 7. h3 Ne4 8. Bh2 c5 9. e3 Qb6 10. Rb1 cxd4 11. Nxe4 dxe4 12. Nxd4 0-0 13. c3 Ne5 14. Be2 Ng6 15. 0-0 e5 16. Nb5 Be6 17. c4 Rfd8 18. Qc2 Qc6 19. b4 f5 20. Rfd1 a6 21. Na3 Nh4 22. c5 Rd3 23. Nc4 Rad8 24. Bg3 Qd5 25. Bxh4 Qxc4 26. Bxd3 exd3 27. Qxc4 Bxc4 28. Bg3 f4 29. Bh2 Bxa2 30. Rb2 Bc4 31. e4 Bf8 32. f3 a5 33. bxa5 Bxc5+ 34. Kh1 Ba6 35. Bg1 Be3 36. g3 d2 37. Kg2 Be2 38. Rbb1 Rc8 39. gxf4 gxf4 40. Rxd2 Bxd2 41. Rxb7 Bxa5 0-1

[Event "Kiel op 28th"]
[Site "Kiel"]
[Date "2015.07.27"]
[Round "5"]
[White "Bracker, Arne"]
[Black "Pick, Stefan"]
[Result "0-1"]
[WhiteElo "2256"]
[BlackElo "2101"]
[PlyCount "126"]
[EventDate "2015.07.25"]
[EventType "swiss"]
[EventRounds "9"]
[EventCountry "GER"]
[SourceTitle "CBM 167 Extra"]
[Source "ChessBase"]
[SourceDate "2015.09.14"]
[SourceVersion "1"]
[SourceVersionDate "2015.09.14"]
[SourceQuality "1"]

1. d4 c5 2. d5 e5 3. e4 d6 4. Nc3 a6 5. a4 Be7 6. f4 Nd7 7. Nf3 Ngf6 8. fxe5 Nxe5 9. Nxe5 dxe5 10. Be2 0-0 11. 0-0 Qd6 12. Qe1 Ne8 13. Qg3 g6 14. Nd1 f5 15. exf5 Rxf5 16. Rxf5 Bxf5 17. Ne3 Qf6 18. Bd2 Nd6 19. Ng4 Bxg4 20. Qxg4 Qf5 21. Rf1 Qxg4 22. Bxg4 Kg7 23. Be3 Nc4 24. Bc1 b5 25. Be6 Bf6 26. b3 Nd6 27. Be3 c4 28. a5 Nf5 29. Bb6 Nd4 30. bxc4 bxc4 31. Bg4 h5 32. Bd7 Be7 33. Ba4 Bd6 34. g3 Nb5 35. Kg2 Re8 36. Rb1 e4 37. Bxb5 axb5 38. Rxb5 e3 39. a6 e2 40. Bf2 e1Q 41. Bxe1 Rxe1 42. Ra5 Re8 43. a7 Ra8 44. Kf3 h4 45. gxh4 Bxh2 46. Ke4 Bg1 47. d6 Rxa7 48. Rg5 Bf2 49. h5 Bh4 50. Rxg6+ Kf7 51. Rg4 Bf6 52. Kd5 c3 53. h6 Ra5+ 54. Kc6 Rh5 55. d7 Rxh6 56. Rf4 Rh8 57. Kc7 Ke6 58. Re4+ Be5+ 59. Kc6 Rd8 60. Rxe5+ Kxe5 61. Kc7 Rh8 62. d8Q Rxd8 63. Kxd8 Kd4 0-1

[Event "Kiel op 28th"]
[Site "Kiel"]
[Date "2015.07.26"]
[Round "3"]
[White "Moeller, Dustin"]
[Black "Pick, Stefan"]
[Result "1/2-1/2"]
[WhiteElo "1947"]
[BlackElo "2101"]
[PlyCount "104"]
[EventDate "2015.07.25"]
[EventType "swiss"]
[EventRounds "9"]
[EventCountry "GER"]
[SourceTitle "CBM 167 Extra"]
[Source "ChessBase"]
[SourceDate "2015.09.14"]
[SourceVersion "1"]
[SourceVersionDate "2015.09.14"]
[SourceQuality "1"]

1. d4 c5 2. d5 f5 3. c4 Nf6 4. Nc3 d6 5. Bg5 e5 6. dxe6 Bxe6 7. e4 Be7 8. exf5 Bxf5 9. Bxf6 Bxf6 10. Qd5 Bxc3+ 11. bxc3 Qe7+ 12. Be2 Be4 13. Qh5+ g6 14. Qh3 Nc6 15. f3 Bf5 16. Qg3 0-0 17. Rd1 Ne5 18. Kf2 Rae8 19. f4 Bg4 20. Bf3 Nd3+ 21. Kf1 Bxf3 22. gxf3 Nxf4 23. Re1 Qxe1+ 24. Qxe1 Rxe1+ 25. Kxe1 Nd3+ 26. Ke2 Ne5 27. h4 Nxc4 28. h5 Rf5 29. hxg6 hxg6 30. Rh4 d5 31. Nh3 Kg7 32. Rg4 Re5+ 33. Kf2 Ne3 34. Rg1 Nf5 35. Nf4 Ne7 36. Nd3 Rh5 37. Nxc5 b6 38. Ne6+ Kf6 39. Nd4 Rh2+ 40. Rg2 Rxg2+ 41. Kxg2 Nf5 42. Nb5 a6 43. Nc7 Ke5 44. Kf2 g5 45. Na8 b5 46. Nc7 Nd6 47. Ke3 a5 48. Kd3 Kf4 49. Ne6+ Kxf3 50. Nxg5+ Kf4 51. Ne6+ Ke5 52. Nc7 b4 1/2-1/2

[Event "Mittelrhein Verbandsliga-W 1112"]
[Site "Germany"]
[Date "2011.11.13"]
[Round "3.2"]
[White "Pick, Stefan"]
[Black "Mueller, Norbert"]
[Result "1-0"]
[WhiteElo "2057"]
[BlackElo "2069"]
[PlyCount "61"]
[EventDate "2011.09.18"]
[EventType "team-tourn"]
[EventRounds "11"]
[EventCountry "GER"]
[SourceTitle "EXT 2013"]
[Source "ChessBase"]
[SourceDate "2012.11.22"]
[SourceVersion "1"]
[SourceVersionDate "2012.11.22"]
[SourceQuality "1"]
[WhiteTeam "Kerpen SK"]
[BlackTeam "Aachen PTSV"]
[WhiteTeamCountry "GER"]
[BlackTeamCountry "GER"]

1. e4 g6 2. d4 Bg7 3. Nf3 d6 4. Nc3 c6 5. a4 Qc7 6. Bc4 e5 7. h3 Nf6 8. 0-0 0-0 9. dxe5 dxe5 10. Be3 Nbd7 11. Qc1 Re8 12. Ng5 Re7 13. f4 Nf8 14. Bc5 Rd7 15. f5 h6 16. Bxf8 Kxf8 17. Nxf7 Rxf7 18. fxg6 Re7 19. Rxf6+ Bxf6 20. Qxh6+ Ke8 21. Rf1 Qd6 22. Bf7+ Rxf7 23. gxf7+ Kxf7 24. g4 Bxg4 25. Qh7+ Ke6 26. hxg4 Qe7 27. Qf5+ Kf7 28. g5 Rg8 29. Qxf6+ Qxf6 30. Rxf6+ Ke7 31. Rf5 1-0

[Event "Leverkusen Bayer op 9th"]
[Site "Leverkusen"]
[Date "2011.01.24"]
[Round "2"]
[White "Bigott, Martin"]
[Black "Pick, Stefan"]
[Result "1-0"]
[WhiteElo "1879"]
[BlackElo "2104"]
[PlyCount "54"]
[EventDate "2011.01.10"]
[EventType "swiss"]
[EventRounds "7"]
[EventCountry "GER"]
[SourceTitle "EXT 2012"]
[Source "ChessBase"]
[SourceDate "2011.11.24"]
[SourceVersion "1"]
[SourceVersionDate "2011.11.24"]
[SourceQuality "1"]

1. d4 d5 2. Nf3 Nf6 3. Bf4 c5 4. c3 Qb6 5. Qb3 c4 6. Qxb6 axb6 7. Nbd2 Bf5 8. Bxb8 Rxb8 9. Nh4 Be6 10. g3 Ra8 11. Bg2 b5 12. e4 g5 13. exd5 Bxd5 14. Bxd5 Nxd5 15. Nf5 e6 16. Ne3 Nxe3 17. fxe3 b4 18. Ne4 Be7 19. cxb4 Bxb4+ 20. Ke2 h6 21. a3 Be7 22. Rhc1 b5 23. a4 0-0 24. axb5 Rxa1 25. Rxa1 Rb8 26. Nc3 Bb4 27. Ra4 Rxb5 1-0

[Event "Leverkusen Bayer op 9th"]
[Site "Leverkusen"]
[Date "2011.01.10"]
[Round "1"]
[White "Pick, Stefan"]
[Black "Lessing, Sebastian"]
[Result "1-0"]
[WhiteElo "2104"]
[BlackElo "1604"]
[PlyCount "91"]
[EventDate "2011.01.10"]
[EventType "swiss"]
[EventRounds "7"]
[EventCountry "GER"]
[SourceTitle "EXT 2012"]
[Source "ChessBase"]
[SourceDate "2011.11.24"]
[SourceVersion "1"]
[SourceVersionDate "2011.11.24"]
[SourceQuality "1"]

1. d4 d5 2. Nf3 e6 3. c3 Bd6 4. e3 Nd7 5. Nbd2 f5 6. Bd3 c6 7. h3 Ngf6 8. Qe2 0-0 9. g4 Ne4 10. gxf5 exf5 11. Rg1 Ndf6 12. Nf1 Qc7 13. Bd2 Nxd2 14. N1xd2 f4 15. 0-0-0 fxe3 16. fxe3 Bxh3 17. Ng5 Qd7 18. Nxh3 Qxh3 19. Rh1 Qg4 20. Bxh7+ Kf7 21. Qd3 Nxh7 22. Rxh7 Rh8 23. Rf1+ Ke7 24. Rfh1 Rxh7 25. Qxh7 Rf8 26. Rh4 Qg3 27. Rh3 Qg5 28. Kc2 Qf5+ 29. e4 Qxh7 30. Rxh7 Rf7 31. e5 Bc7 32. Kd3 Ke6 33. Ke3 Bd8 34. Nf3 b6 35. Rh8 Be7 36. Rc8 c5 37. Rc6+ Kf5 38. c4 cxd4+ 39. Nxd4+ Kg4 40. cxd5 Bc5 41. Rg6+ Kh5 42. Rg2 g5 43. Kd3 Rd7 44. Kc4 Kg6 45. Ne6 Be7 46. d6 1-0

[Event "Cologne Longerich op 7th"]
[Site "Cologne"]
[Date "2010.07.31"]
[Round "2"]
[White "Wickenfeld, Stefan"]
[Black "Pick, Stefan"]
[Result "1/2-1/2"]
[WhiteElo "1920"]
[BlackElo "2066"]
[PlyCount "124"]
[EventDate "2010.07.30"]
[EventType "swiss"]
[EventRounds "5"]
[EventCountry "GER"]
[SourceTitle "EXT 2011"]
[Source "ChessBase"]
[SourceDate "2010.11.26"]
[SourceVersion "1"]
[SourceVersionDate "2010.11.26"]
[SourceQuality "1"]

1. e4 d5 2. exd5 Nf6 3. Bb5+ Bd7 4. Bc4 Bg4 5. f3 Bc8 6. Nc3 Nbd7 7. Nge2 Nb6 8. d3 Nfxd5 9. Nxd5 Nxd5 10. Bg5 Qd6 11. Qd2 e5 12. 0-0 Be6 13. Kh1 f6 14. Bh4 g5 15. Bf2 Nf4 16. Bxe6 Nxe6 17. d4 exd4 18. Nxd4 Nxd4 19. Rfe1+ Kf7 20. Qxd4 Qxd4 21. Bxd4 Rd8 22. Bc3 Bc5 23. g3 Bd4 24. Bxd4 Rxd4 25. Re2 Rhd8 26. Kg2 Rd2 27. Rae1 Rxe2+ 28. Rxe2 Rd1 29. a4 c5 30. Kf2 Rh1 31. Ke3 Ke6 32. f4 h5 33. fxg5 fxg5 34. Kd3+ Kf5 35. Re7 Rxh2 36. Rxb7 Rh3 37. Rxa7 Rxg3+ 38. Kc4 Rg2 39. a5 Rxc2+ 40. Kb3 Rc1 41. Rc7 h4 42. a6 Ra1 43. a7 h3 44. Rxc5+ Kg6 45. Rc6+ Kh5 46. Rc7 g4 47. Rh7+ Kg6 48. Rh4 Rxa7 49. Rxg4+ Kh5 50. Rg1 Kh4 51. Kc4 h2 52. Rh1 Kg3 53. b4 Kg2 54. Rb1 Rh7 55. b5 h1Q 56. Rxh1 Rxh1 57. Kc5 Kf3 58. b6 Ke4 59. b7 Rh8 60. Kb6 Kd5 61. Ka7 Rh7 62. Ka8 Rxb7 1/2-1/2

[Event "Cologne Longerich op 7th"]
[Site "Cologne"]
[Date "2010.07.30"]
[Round "1"]
[White "Pick, Stefan"]
[Black "Bergner, Philipp"]
[Result "1-0"]
[WhiteElo "2066"]
[BlackElo "1930"]
[PlyCount "43"]
[EventDate "2010.07.30"]
[EventType "swiss"]
[EventRounds "5"]
[EventCountry "GER"]
[SourceTitle "EXT 2011"]
[Source "ChessBase"]
[SourceDate "2010.11.26"]
[SourceVersion "1"]
[SourceVersionDate "2010.11.26"]
[SourceQuality "1"]

1. d4 Nf6 2. Nf3 g6 3. Nc3 Bg7 4. e4 0-0 5. e5 Ne8 6. Bf4 d6 7. Qd2 Bg4 8. Be2 Na6 9. Bh6 c5 10. Bxg7 Nxg7 11. Bxa6 Bxf3 12. gxf3 bxa6 13. 0-0-0 Nf5 14. dxc5 dxc5 15. Qf4 Qc7 16. h4 h5 17. Rhg1 Kh7 18. Ne4 Rad8 19. Ng5+ Kg7 20. Qxf5 Rxd1+ 21. Kxd1 Qd8+ 22. Qd3 1-0